[Event "Ho Chi Minh City HD Bank op-A 6th"]
[Site "Ho Chi Minh City"]
[Date "2016.03.08"]
[Round "2"]
[White "Nguyen, Van Hai"]
[Black "Bogdanovich, Stanislav"]
[Result "0-1"]
[WhiteElo "2367"]
[BlackElo "2590"]
[PlyCount "71"]
[EventDate "2016.03.08"]
[EventType "swiss"]
[EventRounds "9"]
[EventCountry "VIE"]
[SourceTitle "CBM 171 Extra"]
[Source "ChessBase"]
[SourceDate "2016.04.26"]
[SourceVersion "1"]
[SourceVersionDate "2016.04.26"]
[SourceQuality "1"]

1. d4 d5 2. c4 dxc4 3. Nf3 c6 4. e3 Be6 5. Nc3 b5 6. a4 b4 7. Ne4 Nf6 8. Nc5 Bd5 9. Bd2 e6 10. Rc1 Bxc5 11. dxc5 a5 12. Bxc4 Nbd7 13. Bxd5 exd5 14. Nd4 Ne4 15. 0-0 Qf6 16. Rc2 0-0 17. Qe2 Rfe8 18. Rfc1 Qg6 19. f3 Ng5 20. Qf1 h6 21. Kh1 Re7 22. b3 Nh7 23. Rd1 Ne5 24. Bc1 Ree8 25. Bb2 Nf8 26. g4 f6 27. Rg2 Nfd7 28. f4 Nf7 29. Ne6 Ra7 30. f5 Qh7 31. e4 dxe4 32. Rgd2 Nf8 33. Qc4 h5 34. Rd8 Rae7 35. Nf4 hxg4 36. Ne6 0-1

[Event "VIE-ch"]
[Site "Hanoi"]
[Date "2016.??.??"]
[Round "3"]
[White "Dang, Hoang Son"]
[Black "Nguyen, Van Hai"]
[Result "1/2-1/2"]
[WhiteElo "2350"]
[BlackElo "2353"]
[PlyCount "82"]
[EventDate "2016.11.10"]
[EventType "swiss"]
[EventRounds "7"]
[EventCountry "VIE"]
[SourceTitle "EXT 2018"]
[Source "ChessBase"]
[SourceDate "2017.10.13"]
[SourceVersion "1"]
[SourceVersionDate "2017.10.13"]
[SourceQuality "1"]

1. d4 Nf6 2. c4 g6 3. g3 Bg7 4. Bg2 d5 5. cxd5 Nxd5 6. e4 Nb6 7. Ne2 c5 8. d5 e6 9. 0-0 0-0 10. Nec3 exd5 11. exd5 Na6 12. Re1 Nc4 13. Nd2 Nxd2 14. Bxd2 Bf5 15. Bf4 Nb4 16. g4 Nd3 17. gxf5 Nxf4 18. Qf3 Nxg2 19. Kxg2 Qg5+ 20. Kh1 Rad8 21. Rad1 b6 22. Rg1 Qxf5 23. Qxf5 gxf5 24. Rg5 h6 25. Rxf5 Rfe8 26. Rd3 Re5 27. Rf4 Rd7 28. h4 Kf8 29. Kg2 a6 30. Ra4 b5 31. Rxa6 b4 32. Ra8+ Ke7 33. f4 bxc3 34. fxe5 cxb2 35. d6+ Ke6 36. Re8+ Kf5 37. Rf3+ Ke4 38. Rf1 Kd4 39. Rd1+ Ke4 40. Re1+ Kd4 41. Rd1+ Ke4 1/2-1/2

[Event "VIE-ch"]
[Site "Hanoi"]
[Date "2016.??.??"]
[Round "5"]
[White "Hoang, Canh Huan"]
[Black "Nguyen, Van Hai"]
[Result "1-0"]
[WhiteElo "2405"]
[BlackElo "2353"]
[PlyCount "93"]
[EventDate "2016.11.10"]
[EventType "swiss"]
[EventRounds "7"]
[EventCountry "VIE"]
[SourceTitle "EXT 2018"]
[Source "ChessBase"]
[SourceDate "2017.10.13"]
[SourceVersion "1"]
[SourceVersionDate "2017.10.13"]
[SourceQuality "1"]

1. e4 e6 2. Qe2 c5 3. Nf3 Nc6 4. g3 g6 5. Bg2 Bg7 6. 0-0 Nge7 7. c3 0-0 8. e5 d6 9. d4 cxd4 10. cxd4 Nf5 11. Rd1 Qb6 12. Qe4 d5 13. Qd3 f6 14. Nc3 fxe5 15. dxe5 Kh8 16. Re1 Bd7 17. b3 Nfd4 18. Bb2 Nxf3+ 19. Bxf3 Qd4 20. Qxd4 Nxd4 21. Bd1 Nf3+ 22. Bxf3 Rxf3 23. Ne2 Raf8 24. Bd4 Rd3 25. Rad1 Rxd1 26. Rxd1 g5 27. a4 a6 28. f4 h6 29. Rc1 Be8 30. Bc5 Rg8 31. Kf2 gxf4 32. gxf4 h5 33. Be7 Bh6 34. Rc7 Kh7 35. Bf6+ Kg6 36. Kf3 b5 37. a5 Bf7 38. h4 Ra8 39. Nd4 Bf8 40. Be7 Bxe7 41. Rxe7 Rc8 42. Ra7 Rc3+ 43. Ke2 Rh3 44. Nf3 Rh1 45. Ng5 Bg8 46. Ra8 Bf7 47. Rf8 1-0

[Event "Penang op 7th"]
[Site "Penang"]
[Date "2015.12.09"]
[Round "5"]
[White "Lee, Qing Aun"]
[Black "Nguyen, Van Hai"]
[Result "0-1"]
[WhiteElo "2104"]
[BlackElo "2352"]
[PlyCount "94"]
[EventDate "2015.12.07"]
[EventType "swiss"]
[EventRounds "9"]
[EventCountry "MAS"]
[SourceTitle "CBM 169 Extra"]
[Source "ChessBase"]
[SourceDate "2015.12.18"]
[SourceVersion "1"]
[SourceVersionDate "2015.12.18"]
[SourceQuality "1"]

1. e4 e6 2. d4 d5 3. Nd2 Be7 4. Bd3 c5 5. dxc5 Nf6 6. Ngf3 dxe4 7. Nxe4 Nxe4 8. Bxe4 Qxd1+ 9. Kxd1 Bxc5 10. Ke2 Nd7 11. Rd1 Be7 12. c3 f6 13. Be3 Nc5 14. Bc2 Bd7 15. b4 Ba4 16. Rac1 Bxc2 17. Rxc2 Na4 18. a3 a5 19. Nd4 Kf7 20. Nb3 Rhc8 21. Rdc1 b6 22. Nd4 e5 23. Nb5 Ke6 24. f3 Rc4 25. Kd3 Rc6 26. Ke2 Rd8 27. bxa5 bxa5 28. c4 Bc5 29. Bd2 Ra8 30. Be3 h5 31. Bxc5 Nxc5 32. Rd1 Nb3 33. Rc3 a4 34. Ke3 Rb8 35. Rcd3 Rxc4 36. Rd6+ Kf5 37. R1d5 Nc5 38. Na7 Rb3+ 39. Kf2 Rc2+ 40. Rd2 Rxd2+ 41. Rxd2 Rxa3 42. Nb5 Rb3 43. Nd6+ Ke6 44. Nc4 Rc3 45. Ne3 a3 46. Ke2 Nb3 47. Nd1 Rc6 0-1

[Event "Penang op 7th"]
[Site "Penang"]
[Date "2015.12.09"]
[Round "4"]
[White "Nguyen, Van Hai"]
[Black "Nguyen, Duc Hoa"]
[Result "0-1"]
[WhiteElo "2352"]
[BlackElo "2500"]
[PlyCount "160"]
[EventDate "2015.12.07"]
[EventType "swiss"]
[EventRounds "9"]
[EventCountry "MAS"]
[SourceTitle "CBM 169 Extra"]
[Source "ChessBase"]
[SourceDate "2015.12.18"]
[SourceVersion "1"]
[SourceVersionDate "2015.12.18"]
[SourceQuality "1"]

1. d4 c5 2. Nf3 cxd4 3. Nxd4 d5 4. g3 e5 5. Nb3 h6 6. Bg2 Nf6 7. 0-0 Nc6 8. c3 Be7 9. Be3 0-0 10. Bc5 Bxc5 11. Nxc5 Qe7 12. Nb3 Rd8 13. N1d2 Bf5 14. Re1 a5 15. a4 d4 16. Bxc6 dxc3 17. bxc3 bxc6 18. Qc1 Ng4 19. Nf1 Rab8 20. Qa3 Qa7 21. Qc5 Qa8 22. Qa3 Bc2 23. Nc5 Qa7 24. e3 Rd5 25. Rec1 Bg6 26. Nb3 Qb6 27. Nbd2 Rbd8 28. Ra2 Nxe3 29. Rb2 Qa7 30. Nxe3 Rxd2 31. Rxd2 Rxd2 32. Rd1 Rxd1+ 33. Nxd1 Qd7 34. Ne3 Qd2 35. Qa1 Be4 36. c4 c5 37. h3 f6 38. g4 Qe2 39. Qc3 Qf3 40. Kf1 Qxh3+ 41. Ke1 Qh1+ 42. Kd2 Qb1 43. Qxa5 Qb2+ 44. Ke1 Bf3 45. Qd8+ Kh7 46. Qd3+ e4 47. Qc2 Qxc2 48. Nxc2 Bxg4 49. a5 Bc8 50. Na1 Ba6 51. Nb3 Bxc4 52. Nxc5 Bd5 53. a6 h5 54. a7 h4 55. Kf1 f5 56. Ne6 Bb7 57. Nc7 g5 58. a8Q Bxa8 59. Nxa8 Kg6 60. Nb6 g4 61. Nd5 Kg5 62. Kg2 f4 63. Nc3 Kf5 64. Nd5 Ke5 65. Ne7 h3+ 66. Kg1 g3 67. Ng6+ Kf5 68. Ne7+ Kg4 69. fxg3 fxg3 70. Nc6 e3 71. Nd4 Kf4 72. Ne2+ Kf3 73. Nd4+ Ke4 74. Ne2 g2 75. Kh2 Kd3 76. Nf4+ Kc2 77. Ne2 Kd1 78. Nc3+ Kd2 79. Ne4+ Kd3 80. Nc5+ Kc2 0-1

[Event "VIE-chT"]
[Site "Ho Chi Minh City"]
[Date "2015.07.20"]
[Round "5.7"]
[White "Nguyen, Van Hai"]
[Black "Vu, Quang Quyen"]
[Result "1-0"]
[WhiteElo "2352"]
[BlackElo "2042"]
[PlyCount "145"]
[EventDate "2015.07.16"]
[EventType "team-swiss"]
[EventRounds "9"]
[EventCountry "VIE"]
[SourceTitle "EXT 2016"]
[Source "ChessBase"]
[SourceDate "2015.10.08"]
[SourceVersion "1"]
[SourceVersionDate "2015.10.08"]
[SourceQuality "1"]

1. d4 d5 2. Bg5 h6 3. Bh4 c5 4. e3 Nc6 5. c3 cxd4 6. exd4 Bf5 7. Qb3 Qd7 8. Nf3 Qe6+ 9. Kd1 Qd7 10. Na3 e6 11. Bb5 Bd6 12. Re1 Nge7 13. Bxe7 Qxe7 14. Nc2 0-0 15. Ne3 Qf6 16. Nxf5 Qxf5 17. Ke2 Qh5 18. h3 Ne7 19. Bd3 Ng6 20. Bxg6 Qxg6 21. Kf1 b6 22. Re3 Bf4 23. Re2 Rac8 24. Rd1 Rc7 25. Ne1 Rfc8 26. Nd3 Bd6 27. Re3 Rb8 28. Qb5 Qg5 29. Kg1 Qe7 30. f4 Qd7 31. a4 a5 32. Qxd7 Rxd7 33. Kf2 Ra7 34. Ke2 Rc7 35. Kd2 Rc4 36. Ra1 Rbc8 37. g3 h5 38. Rf3 g6 39. Nf2 Kg7 40. Nd1 Rh8 41. Kd3 Rd8 42. Ne3 Rc7 43. Raf1 Be7 44. g4 hxg4 45. hxg4 Rh8 46. f5 Bg5 47. fxe6 fxe6 48. R1f2 Rh4 49. b3 Bxe3 50. Rxe3 Rxg4 51. Rfe2 Re7 52. Rxe6 Rg3+ 53. Kd2 Rc7 54. Re7+ Rxe7 55. Rxe7+ Kf6 56. Rb7 Kf5 57. Rxb6 Rg2+ 58. Kd3 Rg3+ 59. Kc2 Rg2+ 60. Kd3 Rg3+ 61. Kc2 Rg2+ 62. Kb1 Ke4 63. b4 axb4 64. cxb4 Kxd4 65. a5 Kc4 66. a6 Kb3 67. Kc1 Ra2 68. b5 Kb4 69. Rb7 d4 70. a7 d3 71. b6 d2+ 72. Kd1 Kc3 73. Ke2 1-0

[Event "VIE-chT"]
[Site "Ho Chi Minh City"]
[Date "2015.07.19"]
[Round "4.3"]
[White "Dong, Bao Nghia"]
[Black "Nguyen, Van Hai"]
[Result "1/2-1/2"]
[WhiteElo "2137"]
[BlackElo "2352"]
[PlyCount "118"]
[EventDate "2015.07.16"]
[EventType "team-swiss"]
[EventRounds "9"]
[EventCountry "VIE"]
[SourceTitle "EXT 2016"]
[Source "ChessBase"]
[SourceDate "2015.10.08"]
[SourceVersion "1"]
[SourceVersionDate "2015.10.08"]
[SourceQuality "1"]

1. d4 Nf6 2. Nf3 g6 3. Bf4 Bg7 4. e3 0-0 5. h3 d6 6. Bc4 b6 7. 0-0 Bb7 8. Nbd2 c5 9. c3 Nbd7 10. a4 a6 11. Qe2 Re8 12. Bh2 h6 13. Rfd1 Ra7 14. e4 cxd4 15. cxd4 d5 16. exd5 Nxd5 17. Ne5 N7f6 18. Ndf3 e6 19. Qd3 Nb4 20. Qb3 Bf8 21. Rdc1 Be4 22. Nxf7 Kxf7 23. Bxe6+ Kg7 24. Be5 Bd5 25. Bxd5 Nbxd5 26. Rc6 Be7 27. Rac1 Qd7 28. Nh2 Kh7 29. Rxb6 Rf8 30. Rbc6 Rb7 31. Qg3 Qf5 32. Qf3 Qxf3 33. Nxf3 a5 34. Ra6 Bd8 35. Rc8 Nd7 36. Bd6 N5b6 37. Rc2 Rf5 38. Ne5 Rf6 39. Ba3 Nxa4 40. Ra8 Bb6 41. Ng4 Rf7 42. b3 h5 43. Ne5 Nxe5 44. dxe5 Nc5 45. Bxc5 Rfc7 46. Bxb6 Rxc2 47. Bd8 Kg7 48. Rxa5 Kf7 49. Ra6 Re2 50. Rf6+ Ke8 51. Bb6 Rxe5 52. Rxg6 Rb5 53. Be3 Rxb3 54. g4 Kf7 55. Ra6 hxg4 56. hxg4 R7b4 57. g5 Rg4+ 58. Kf1 Rxe3 59. fxe3 Rxg5 1/2-1/2